<?xml version="1.0" encoding="UTF-8"?>
<collection xmlns="http://www.loc.gov/MARC21/slim">
 <record>
  <leader>02082nam a2200289 a 4500</leader>
  <controlfield tag="001">TVCDKTCT4972</controlfield>
  <controlfield tag="003">Thư viện trường Cao đẳng Kỹ thuật Cao Thắng</controlfield>
  <controlfield tag="005">20170524081517.2</controlfield>
  <controlfield tag="008">060424</controlfield>
  <datafield tag="980" ind1="\" ind2="\">
   <subfield code="a">Thư viện Trường CĐ Kỹ Thuật Cao Thắng</subfield>
  </datafield>
  <datafield tag="024" ind1=" " ind2=" ">
   <subfield code="a">RG_1 #1 eb0 i1</subfield>
  </datafield>
  <datafield tag="041" ind1="0" ind2="#">
   <subfield code="a">vie</subfield>
  </datafield>
  <datafield tag="082" ind1="#" ind2="#">
   <subfield code="a">005 / </subfield>
   <subfield code="b">PH104KH-t</subfield>
  </datafield>
  <datafield tag="100" ind1="1" ind2="#">
   <subfield code="a">Phạm Hữu Khiêm</subfield>
  </datafield>
  <datafield tag="245" ind1="0" ind2="0">
   <subfield code="a">Tin học đại cương / </subfield>
   <subfield code="c">Phạm Hữu Khiêm</subfield>
  </datafield>
  <datafield tag="250" ind1="#" ind2="#">
   <subfield code="a">In lần thứ 1</subfield>
  </datafield>
  <datafield tag="260" ind1="#" ind2="#">
   <subfield code="a">Tp.HCM : </subfield>
   <subfield code="b">Đại học Quốc gia TP. Hồ Chí Minh , </subfield>
   <subfield code="c">2002</subfield>
  </datafield>
  <datafield tag="300" ind1="#" ind2="#">
   <subfield code="a">222tr. ; </subfield>
   <subfield code="c">24cm</subfield>
  </datafield>
  <datafield tag="520" ind1="#" ind2="#">
   <subfield code="a">Nội dung của tài liệu gồm có 2 phần :</subfield>
  </datafield>
  <datafield tag="520" ind1="#" ind2="#">
   <subfield code="a">Phần 1: Bao gồm các khái niệm ,  kiến thức cơ bản về tin học và hệ điều hành. Hệ điều hành windows 98 được trình bày dưới góc độ người dùng và chỉ tập trung vào những gì cần thiết nhất .</subfield>
  </datafield>
  <datafield tag="520" ind1="#" ind2="#">
   <subfield code="a">Phần 2: Trình bày những kiến thức về ngôn ngữ lập trình Pascal. Đây là phần chủ yếu của tài liệu</subfield>
  </datafield>
  <datafield tag="520" ind1="#" ind2="#">
   <subfield code="a">Tài liệu Tin học đại cương đại cương được biên soạn theo quan điểm gắn lý thuyết với thực hành, có nhiều ví dụ minh hoạ.Các ví dụ đầy đủ đã được biên dịch và chạy thử, đây là phần tiền đề và cơ bản để học tập nghiên cứu tin học nâng cao sau này.</subfield>
  </datafield>
  <datafield tag="520" ind1="#" ind2="#">
   <subfield code="a">Tài liệu Tin học đại cương được biên soạn nhằm giúp các sinh viên hệ đào tạo không chuyên nghành tin học nắm được các kiến thức cơ bản về tin học.</subfield>
  </datafield>
  <datafield tag="650" ind1="#" ind2="4">
   <subfield code="a">Ngôn ngữ lập trình--Lập trình với các cấu trúc điều khiển</subfield>
  </datafield>
  <datafield tag="650" ind1="#" ind2="4">
   <subfield code="a">Tin học</subfield>
  </datafield>
  <datafield tag="721" ind1="#" ind2="#">
   <subfield code="a">Công nghệ thông tin</subfield>
  </datafield>
  <datafield tag="841" ind1="#" ind2="#">
   <subfield code="b">Kho Sách </subfield>
   <subfield code="j">100015743, 100015744, 100015745</subfield>
  </datafield>
 </record>
</collection>
